|
|
|
|
| LEADER |
00997nam a22002657a 4500 |
| 001 |
42440 |
| 003 |
BD-DhAAL |
| 005 |
20240709105529.0 |
| 008 |
240401t2012 enk||||| |||| 00| f eng d |
| 020 |
|
|
|a 9780008381684
|
| 040 |
|
|
|a BD-DhAAL
|d BD-DhAAL
|
| 082 |
|
|
|a 823.914
|2 23
|
| 100 |
|
|
|a Mantel, Hilary
|9 56189
|
| 245 |
|
|
|a Bring up the bodies /
|c Hilary Mantel.
|
| 264 |
|
|
|a London :
|b Fourth Estate,
|c 2012.
|
| 300 |
|
|
|a xxi, 485 pages ;
|c 20 cm.
|
| 526 |
|
|
|a AAL
|
| 541 |
|
|
|a R K Corporation
|e 42440
|
| 586 |
|
|
|a Winner of the Man Booker Prize for Nonfiction, 2012 ;
|
| 586 |
|
|
|a Winner of the Costa Book of the Year, 2012.
|
| 600 |
|
|
|a Cromwell, Thomas
|v Fiction.
|9 56220
|
| 651 |
|
|
|a Great Britain
|x History
|y Henry VIII,1509-1547
|v Fiction.
|9 56221
|
| 942 |
|
|
|2 ddc
|c BK
|
| 999 |
|
|
|c 46493
|d 46493
|
| 952 |
|
|
|0 0
|1 0
|2 ddc
|4 0
|6 823_914000000000000_MAN
|7 0
|9 75302
|a BRACUL
|b BRACUL
|c AWC
|d 2024-03-28
|e R K Corporation
|g 1610.00
|l 1
|o 823.914 MAN
|p 3010042440
|r 2026-05-17
|s 2026-05-10
|t 1
|v 1610.00
|w 2024-03-28
|y AWC
|